[Event "25. Torneo San Viator 2015 - Torneo B"]
[Site "Madrid ESP"]
[Date "2015.10.18"]
[Round "4.15"]
[White "Valdes Sanchez, Jesus Manuel"]
[Black "Fogue Angelina, Hugo"]
[Result "1-0"]
[WhiteElo "1594"]
[BlackElo "1273"]
[PlyCount "67"]
[EventDate "2015.10.04"]
[EventType "swiss"]
[EventRounds "9"]
[EventCountry "ESP"]
[Source "lmi"]
[SourceDate "2015.10.04"]

1. e4 c5 2. Nf3 d6 3. d4 cxd4 4. Nxd4 Nf6 5. Nc3 g6 6. Be3 Bg7 7. Bc4 O-O 8.
Qd2 Nc6 9. h3 Bd7 10. O-O Rc8 11. Nxc6 Bxc6 12. Bd3 a6 13. Rab1 Re8 14. f4 b5
15. a3 Qd7 16. Qe2 Qb7 17. Bd2 Qa7+ 18. Kh1 Qa8 19. f5 Bb7 20. Rf2 Rf8 21. Re1
Nd7 22. Ref1 Ne5 23. Kg1 Nxd3 24. cxd3 Bd4 25. Be3 Bxc3 26. bxc3 Rxc3 27. Bh6
Rfc8 28. fxg6 fxg6 29. Rf8+ Rxf8 30. Rxf8+ Qxf8 31. Bxf8 Kxf8 32. e5 Rxa3 33.
e6 Bc6 34. Qb2 1-0

[Event "25. Torneo San Viator 2015 - Torneo B"]
[Site "Madrid ESP"]
[Date "2015.10.18"]
[Round "4.16"]
[White "Aranda Perez, Ivan"]
[Black "Manso Santamaria, Juan Carlos"]
[Result "0-1"]
[WhiteElo "1420"]
[BlackElo "1707"]
[PlyCount "44"]
[EventDate "2015.10.04"]
[EventType "swiss"]
[EventRounds "9"]
[EventCountry "ESP"]
[Source "lmi"]
[SourceDate "2015.10.04"]

1. d4 Nf6 2. c4 c5 3. d5 b5 4. b3 d6 5. e3 bxc4 6. bxc4 g6 7. Bb2 Qb6 8. Qb3
Nbd7 9. Qxb6 Nxb6 10. Bxf6 exf6 11. Nd2 Bg7 12. Bd3 Na4 13. Ne2 Nb2 14. Bc2 Ba6
15. O-O Nxc4 16. Ba4+ Ke7 17. Bc6 Rab8 18. Nxc4 Bxc4 19. Rfe1 Rb2 20. Nc3 Rhb8
21. a4 f5 22. Rab1 Bxc3 0-1

[Event "25. Torneo San Viator 2015 - Torneo B"]
[Site "Madrid ESP"]
[Date "2015.10.18"]
[Round "4.17"]
[White "Perez Perez, Marta"]
[Black "Sadaba Rodriguez, Igor"]
[Result "1/2-1/2"]
[WhiteElo "1338"]
[BlackElo "1693"]
[PlyCount "101"]
[EventDate "2015.10.04"]
[EventType "swiss"]
[EventRounds "9"]
[EventCountry "ESP"]
[Source "lmi"]
[SourceDate "2015.10.04"]

1. e4 c6 2. d4 d5 3. Nc3 dxe4 4. Nxe4 Bf5 5. Ng3 Bg6 6. Nf3 Nd7 7. Bd3 Bxd3 8.
Qxd3 e6 9. Bf4 Qa5+ 10. c3 Ngf6 11. O-O Be7 12. Rfe1 O-O 13. Ng5 Rad8 14. Qc2
Rfe8 15. N5e4 Nxe4 16. Nxe4 Qf5 17. Bc7 Rc8 18. Bg3 c5 19. Qd3 cxd4 20. Qxd4
Nb6 21. Qe5 Qxe5 22. Bxe5 Nc4 23. Bd4 b6 24. b3 e5 25. Be3 Nxe3 26. Rxe3 f6 27.
Rd3 Red8 28. Rad1 Rxd3 29. Rxd3 Rd8 30. Rxd8+ Bxd8 31. Kf1 Kf8 32. Ke2 Ke7 33.
Kd3 Ke6 34. f3 f5 35. Nd2 b5 36. c4 bxc4+ 37. Nxc4 Kd5 38. Ne3+ Ke6 39. Nc4 g5
40. g3 h5 41. h3 a5 42. g4 e4+ 43. fxe4 fxg4 44. hxg4 hxg4 45. Ke3 Bc7 46. Kf2
Kd7 47. e5 Ke6 48. Kg3 Bxe5+ 49. Nxe5 Kxe5 50. a3 Kd4 51. b4 1/2-1/2

[Event "25. Torneo San Viator 2015 - Torneo B"]
[Site "Madrid ESP"]
[Date "2015.10.18"]
[Round "4.18"]
[White "Rendo Quindos, Pedro"]
[Black "Diaz Del Prado, Carlos"]
[Result "1-0"]
[WhiteElo "1662"]
[BlackElo "1279"]
[PlyCount "127"]
[EventDate "2015.10.04"]
[EventType "swiss"]
[EventRounds "9"]
[EventCountry "ESP"]
[Source "lmi"]
[SourceDate "2015.10.04"]

1. e4 d6 2. Nf3 Nf6 3. Nc3 g6 4. Bc4 Bg7 5. O-O a6 6. a3 b5 7. Bb3 Bb7 8. d3
O-O 9. Be3 c5 10. h3 Nbd7 11. Qd2 Nb6 12. Ng5 Rc8 13. f4 c4 14. Ba2 e5 15. f5
d5 16. exd5 Nbxd5 17. fxg6 hxg6 18. Nxd5 Nxd5 19. dxc4 Nxe3 20. Qxe3 Qd4 21.
Qxd4 exd4 22. cxb5 Rc7 23. bxa6 Bxa6 24. Rf2 Bc4 25. Bxc4 Rxc4 26. b3 d3 27.
bxc4 Bxa1 28. cxd3 Bd4 29. Kf1 Bxf2 30. Kxf2 Ra8 31. Ke3 Rxa3 32. g4 Kg7 33. c5
Ra1 34. Kd4 Kf6 35. Ne4+ Ke7 36. Kd5 f5 37. gxf5 gxf5 38. Nd6 f4 39. Ke4 Ra4+
40. d4 Kd7 41. Nf5 Ke6 42. Kxf4 Kd5 43. h4 Ra1 44. h5 Rf1+ 45. Kg4 Rg1+ 46. Kf4
Rf1+ 47. Kg5 Ke6 48. Ne3 Rg1+ 49. Kf4 Rh1 50. d5+ Kd7 51. Kg5 Rg1+ 52. Ng4 Rd1
53. Nf6+ Ke7 54. h6 Rg1+ 55. Ng4 Rd1 56. d6+ Kd7 57. h7 Rd5+ 58. Kg6 Rxc5 59.
h8=Q Kxd6 60. Nf6 Kc6 61. Qe8+ Kd6 62. Ne4+ Kd5 63. Nxc5 Kxc5 64. Qd7 1-0

[Event "25. Torneo San Viator 2015 - Torneo B"]
[Site "Madrid ESP"]
[Date "2015.10.18"]
[Round "4.19"]
[White "Rodriguez Larrinaga, Mikel"]
[Black "Rojo Jorge, Angel"]
[Result "0-1"]
[WhiteElo "1638"]
[BlackElo "1364"]
[PlyCount "80"]
[EventDate "2015.10.04"]
[EventType "swiss"]
[EventRounds "9"]
[EventCountry "ESP"]
[Source "lmi"]
[SourceDate "2015.10.04"]

1. e4 c5 2. Nf3 Nc6 3. d4 cxd4 4. Nxd4 g6 5. Nc3 Bg7 6. Be3 Nf6 7. Qd2 O-O 8.
O-O-O a5 9. f4 Ng4 10. Nxc6 bxc6 11. Bd4 e5 12. Bc5 Re8 13. h3 Nf6 14. fxe5
Rxe5 15. Qe3 d5 16. Bd4 Re8 17. Bd3 Bf5 18. Rhe1 dxe4 19. Bc4 Qb8 20. g4 Qb4
21. Bxf7+ Kxf7 22. gxf5 gxf5 23. Bc5 Qc4 24. b3 Qe6 25. Rd6 Qe5 26. Red1 f4 27.
Qg1 Qxc3 28. Bd4 Qg3 29. Qf1 e3 30. Qc4+ Kg6 31. Bxf6 Bxf6 32. Qd3+ Kg7 33.
Rd7+ Re7 34. Rxe7+ Bxe7 35. Qd4+ Kf7 36. Qc4+ Kf8 37. Qxc6 Rd8 38. Qh6+ Qg7 39.
Qxf4+ Qf6 40. Qh6+ Qxh6 0-1

[Event "25. Torneo San Viator 2015 - Torneo B"]
[Site "Madrid ESP"]
[Date "2015.10.18"]
[Round "4.20"]
[White "Martin Garcia, Francisco Javie"]
[Black "Tenorio Garcia, Joel"]
[Result "0-1"]
[WhiteElo "1578"]
[BlackElo "1277"]
[PlyCount "160"]
[EventDate "2015.10.04"]
[EventType "swiss"]
[EventRounds "9"]
[EventCountry "ESP"]
[Source "lmi"]
[SourceDate "2015.10.04"]

1. d4 Nf6 2. Nf3 d5 3. g3 Bf5 4. Bg2 e6 5. c4 c6 6. Nbd2 Nbd7 7. O-O Be7 8. Nh4
Bg6 9. b3 Qc7 10. Bb2 O-O-O 11. Rc1 Bd6 12. cxd5 exd5 13. a3 Be7 14. Nhf3 Bh5
15. Ne1 Rhe8 16. Nd3 Bxa3 17. Nf3 Bxb2 18. Nxb2 g5 19. Ra1 Kb8 20. Qd3 g4 21.
Nh4 c5 22. Rfc1 Qb6 23. Na4 Qc6 24. Nxc5 Nxc5 25. Rxc5 Qb6 26. Rac1 a6 27. e3
h6 28. Qc3 Bg6 29. Nxg6 fxg6 30. b4 h5 31. h3 gxh3 32. Bxh3 Ne4 33. Qc2 Nxc5
34. bxc5 Qf6 35. Rb1 Qe7 36. Rb6 Ka7 37. Qa2 g5 38. Bg2 Qf7 39. e4 Qg7 40. Qb2
dxe4 41. Bf1 Re7 42. Rd6 Rxd6 43. cxd6 Rd7 44. Qb4 Qf6 45. Qc5+ b6 46. Qc8 Qxd6
47. Qxa6+ Kb8 48. Qa2 Qd5 49. Bc4 Qa5 50. Qe2 Rxd4 51. Be6 Qe5 52. Bb3 Rb4 53.
Qd2 Rxb3 54. Qd8+ Ka7 55. Qd7+ Kb8 56. Qd8+ Kb7 57. Qd7+ Qc7 58. Qd5+ Qc6 59.
Qxb3 h4 60. gxh4 gxh4 61. Qf7+ Qc7 62. Qd5+ Qc6 63. Qh5 Qc1+ 64. Kg2 Qf4 65.
Kg1 e3 66. Qd5+ Kc7 67. fxe3 Qxe3+ 68. Kf1 h3 69. Qf7+ Kc6 70. Qc4+ Qc5 71.
Qe6+ Kb5 72. Qxh3 Qc4+ 73. Ke1 Kb4 74. Kd1 Qb3+ 75. Qxb3+ Kxb3 76. Kc1 Kc3 77.
Kb1 b5 78. Kc1 b4 79. Kb1 b3 80. Ka1 Kc2 0-1

[Event "25. Torneo San Viator 2015 - Torneo B"]
[Site "Madrid ESP"]
[Date "2015.10.18"]
[Round "4.22"]
[White "Dominguez Lerida, Nicolas"]
[Black "Del Noval Nemeshazi, Mario"]
[Result "1-0"]
[WhiteElo "1509"]
[BlackElo "1239"]
[PlyCount "43"]
[EventDate "2015.10.04"]
[EventType "swiss"]
[EventRounds "9"]
[EventCountry "ESP"]
[Source "lmi"]
[SourceDate "2015.10.04"]

1. d4 Nf6 2. c4 g6 3. Nc3 Bg7 4. e4 d6 5. Be2 O-O 6. Nf3 Nbd7 7. O-O e5 8. d5
Nc5 9. Nd2 Ne8 10. b4 Na6 11. a3 f5 12. exf5 Bxf5 13. Bg4 e4 14. Bxf5 Bxc3 15.
Be6+ Kh8 16. Ra2 Bxd2 17. Bxd2 Nf6 18. Bc3 Qe7 19. Re1 Rae8 20. Rxe4 h6 21.
Rae2 Kh7 22. Bg8+ 1-0

[Event "25. Torneo San Viator 2015 - Torneo B"]
[Site "Madrid ESP"]
[Date "2015.10.18"]
[Round "4.24"]
[White "Blasco Gallardo, Francisco"]
[Black "Insua Rodriguez, Antonio"]
[Result "0-1"]
[WhiteElo "1495"]
[BlackElo "1431"]
[PlyCount "48"]
[EventDate "2015.10.04"]
[EventType "swiss"]
[EventRounds "9"]
[EventCountry "ESP"]
[Source "lmi"]
[SourceDate "2015.10.04"]

1. b3 d5 2. Bb2 Nc6 3. e3 e5 4. Bb5 Bd6 5. Bxc6+ bxc6 6. Ne2 Nf6 7. f4 Qe7 8.
O-O Ba6 9. d3 Ng4 10. Rf3 e4 11. Rg3 h5 12. Bxg7 Rg8 13. Bh6 Qh4 14. h3 Nxh6
15. Rxg8+ Nxg8 16. c4 Ne7 17. Nbc3 Nf5 18. Qd2 Rd8 19. dxe4 dxe4 20. Qc1 Ng3
21. Nd4 Bb7 22. Qe1 c5 23. Nf5 Nxf5 24. Qxh4 Nxh4 0-1

[Event "25. Torneo San Viator 2015 - Torneo B"]
[Site "Madrid ESP"]
[Date "2015.10.18"]
[Round "4.25"]
[White "Arevalo Estriegana, Jorge"]
[Black "Berlana San Segundo, Miguel"]
[Result "1/2-1/2"]
[WhiteElo "1250"]
[BlackElo "1527"]
[PlyCount "69"]
[EventDate "2015.10.04"]
[EventType "swiss"]
[EventRounds "9"]
[EventCountry "ESP"]
[Source "lmi"]
[SourceDate "2015.10.04"]

1. e4 d6 2. Nf3 Nf6 3. Nc3 g6 4. Bc4 Bg7 5. O-O O-O 6. d4 Nbd7 7. Be3 c5 8. h3
cxd4 9. Nxd4 Ne5 10. Bd3 Bd7 11. Qd2 Rc8 12. Bh6 Qb6 13. Nb3 Nxd3 14. Bxg7 Kxg7
15. cxd3 Qb4 16. Rac1 Be6 17. Qd1 Bxb3 18. Qxb3 Qxb3 19. axb3 Rc6 20. Na4 Rfc8
21. Rc3 b5 22. Rxc6 Rxc6 23. Nc3 e6 24. Nxb5 a6 25. Nd4 Rb6 26. Ra1 Rb4 27. Nf3
Rxb3 28. Rxa6 Rxd3 29. e5 dxe5 30. Nxe5 Rd5 31. Nc4 Nd7 32. Rd6 Rxd6 33. Nxd6
f5 34. f3 Kf6 35. Kf2 1/2-1/2

[Event "25. Torneo San Viator 2015 - Torneo B"]
[Site "Madrid ESP"]
[Date "2015.10.18"]
[Round "4.26"]
[White "Gallego Romero, Manuel"]
[Black "Perez Ramos, Miguel Angel"]
[Result "1-0"]
[WhiteElo "1482"]
[BlackElo "1256"]
[PlyCount "87"]
[EventDate "2015.10.04"]
[EventType "swiss"]
[EventRounds "9"]
[EventCountry "ESP"]
[Source "lmi"]
[SourceDate "2015.10.04"]

1. e4 e5 2. Bc4 Qe7 3. Nf3 h6 4. d3 Nc6 5. a3 d6 6. h3 f5 7. Nc3 Qd8 8. O-O Nf6
9. Re1 f4 10. Nd5 g5 11. Nxf6+ Qxf6 12. Nh2 Bd7 13. Qh5+ Kd8 14. c3 Be8 15. Qd1
Na5 16. Ba2 c6 17. b4 d5 18. bxa5 d4 19. cxd4 exd4 20. Rb1 Kc7 21. Qb3 Rb8 22.
Qe6 Qxe6 23. Bxe6 Bc5 24. Re2 Bg6 25. Rc2 Kd6 26. Ba2 Rhe8 27. Nf3 b6 28. axb6
axb6 29. Bb2 g4 30. hxg4 h5 31. g5 Rh8 32. Bxd4 Rhe8 33. Bxc5+ bxc5 34. Rxb8
Rxb8 35. Bc4 Rb1+ 36. Kh2 Ra1 37. Ra2 Rb1 38. Nh4 Bh7 39. g6 Bxg6 40. Nxg6 Rb8
41. Nxf4 h4 42. Kh3 Rf8 43. Ng6 Rf6 44. e5+ 1-0

[Event "25. Torneo San Viator 2015 - Torneo B"]
[Site "Madrid ESP"]
[Date "2015.10.18"]
[Round "4.27"]
[White "Estirado De Cabo, Cesar"]
[Black "Rivera Rodriguez, Luis Fernand"]
[Result "0-1"]
[WhiteElo "1435"]
[BlackElo "1245"]
[PlyCount "94"]
[EventDate "2015.10.04"]
[EventType "swiss"]
[EventRounds "9"]
[EventCountry "ESP"]
[Source "lmi"]
[SourceDate "2015.10.04"]

1. d4 d5 2. c4 c6 3. Nc3 Nf6 4. Bg5 Bf5 5. e3 e6 6. Nf3 Nbd7 7. a3 Be7 8. Rc1
Ne4 9. Bxe7 Qxe7 10. Bd3 Ndf6 11. h3 Nxc3 12. Rxc3 Bxd3 13. Qxd3 Ne4 14. Rc1 f6
15. O-O h5 16. Nd2 f5 17. cxd5 exd5 18. Rfe1 O-O 19. Nf1 g5 20. f3 Nd6 21. e4
fxe4 22. fxe4 Nxe4 23. Nd2 Rae8 24. Nxe4 dxe4 25. Qe2 h4 26. Rc3 Rf6 27. Rc5
Re6 28. Qe3 Qg7 29. Rxg5 Rg6 30. Rxg6 Qxg6 31. Qf4 Qh7 32. Rf1 e3 33. Qg4+ Kh8
34. Qe2 Qh6 35. Rf5 Qg6 36. Rh5+ Kg7 37. Rxh4 Qb1+ 38. Kh2 Qf5 39. Rg4+ Kf6 40.
Rg3 Qf4 41. Qe1 e2 42. b4 b5 43. d5 cxd5 44. Qc3+ d4 45. Qc6+ Re6 46. Qf3 Qxf3
47. Rxf3+ Ke5 0-1

[Event "25. Torneo San Viator 2015 - Torneo B"]
[Site "Madrid ESP"]
[Date "2015.10.18"]
[Round "4.28"]
[White "Aguilera Prada, Alejandro"]
[Black "Trapero Bueno, Vicente"]
[Result "1-0"]
[WhiteElo "1426"]
[BlackElo "1237"]
[PlyCount "57"]
[EventDate "2015.10.04"]
[EventType "swiss"]
[EventRounds "9"]
[EventCountry "ESP"]
[Source "lmi"]
[SourceDate "2015.10.04"]

1. d4 d5 2. Nf3 Nf6 3. Bf4 e6 4. e3 Be7 5. h3 c5 6. c4 Ne4 7. Bd3 Qa5+ 8. Nfd2
Nxd2 9. Nxd2 cxd4 10. exd4 Qb6 11. Nb3 Nc6 12. c5 Qd8 13. O-O Bf6 14. Bc2 b6
15. Re1 O-O 16. a3 bxc5 17. dxc5 Bxb2 18. Ra2 Bc3 19. Re3 d4 20. Rg3 Re8 21.
Be4 Qd7 22. Bxc6 Qxc6 23. Rxg7+ Kxg7 24. Qg4+ Kf8 25. Bd6+ Re7 26. Qh4 Qb7 27.
c6 Qxb3 28. Qxe7+ Kg7 29. Qg5+ 1-0

[Event "25. Torneo San Viator 2015 - Torneo B"]
[Site "Madrid ESP"]
[Date "2015.10.18"]
[Round "4.33"]
[White "Ingunza Curro, Alvaro"]
[Black "Lianes Garcia, Alicia"]
[Result "0-1"]
[WhiteElo "1101"]
[BlackElo "1359"]
[PlyCount "88"]
[EventDate "2015.10.04"]
[EventType "swiss"]
[EventRounds "9"]
[EventCountry "ESP"]
[Source "lmi"]
[SourceDate "2015.10.04"]

1. d4 Nf6 2. Nf3 e6 3. Nc3 d5 4. Bf4 Nc6 5. e3 Bb4 6. Bd3 O-O 7. Qd2 a6 8. a3
Ba5 9. O-O b5 10. b4 Bb6 11. h3 Bd7 12. Ne5 Nxe5 13. dxe5 Nh5 14. Bh2 g6 15. e4
c6 16. exd5 exd5 17. Be2 Ng7 18. Qh6 Bd4 19. Nxb5 Bxa1 20. Rxa1 axb5 21. Bf4
Nf5 22. Qg5 Qxg5 23. Bxg5 Nd4 24. Bd3 Bf5 25. Bxf5 Nxf5 26. c3 Rfe8 27. Re1
Rxa3 28. Rd1 Rxe5 29. g4 Nd6 30. Bf4 Re6 31. Bxd6 Rxd6 32. Rd3 Rf6 33. Kg2 Ra2
34. Rf3 Rxf3 35. Kxf3 Rc2 36. Ke3 Rxc3+ 37. Kd2 Rb3 38. Kc2 Rxb4 39. Kc3 Rf4
40. Kd3 Rxf2 41. Ke3 Rh2 42. Kf4 b4 43. Kg3 Rxh3+ 44. Kxh3 b3 0-1

[Event "25. Torneo San Viator 2015 - Torneo B"]
[Site "Madrid ESP"]
[Date "2015.10.18"]
[Round "4.34"]
[White "Hernandez Herrera, Rodolfo"]
[Black "Garcia Pardo, Celia"]
[Result "1/2-1/2"]
[WhiteElo "1300"]
[BlackElo "1020"]
[PlyCount "36"]
[EventDate "2015.10.04"]
[EventType "swiss"]
[EventRounds "9"]
[EventCountry "ESP"]
[Source "lmi"]
[SourceDate "2015.10.04"]

1. c4 c5 2. Nc3 Nc6 3. e3 e6 4. d4 d5 5. cxd5 exd5 6. Bb5 cxd4 7. Bxc6+ bxc6 8.
Qxd4 Nf6 9. Nge2 g6 10. O-O Bg7 11. h3 O-O 12. Qc5 Qb6 13. Na4 Qxc5 14. Nxc5
Nd7 15. Nxd7 Bxd7 16. Rb1 Bf5 17. Ra1 Rab8 18. Nc3 Bd3 1/2-1/2

[Event "25. Torneo San Viator 2015 - Torneo B"]
[Site "Madrid ESP"]
[Date "2015.10.25"]
[Round "5.1"]
[White "Munoz Cebey, Ricardo"]
[Black "Navarro Gonzalez, Jaime"]
[Result "1/2-1/2"]
[WhiteElo "1693"]
[BlackElo "1733"]
[PlyCount "100"]
[EventDate "2015.10.04"]
[EventType "swiss"]
[EventRounds "9"]
[EventCountry "ESP"]
[Source "lmi"]
[SourceDate "2015.10.04"]

1. c4 e6 2. Nf3 Nf6 3. g3 d5 4. Bg2 d4 5. O-O c5 6. d3 Nc6 7. e3 e5 8. exd4
cxd4 9. Re1 Bd6 10. a3 a5 11. b3 O-O 12. Nbd2 Bg4 13. Qc2 Qd7 14. c5 Bc7 15.
Nc4 Rfe8 16. Bd2 h6 17. b4 axb4 18. axb4 Rxa1 19. Rxa1 e4 20. dxe4 Nxe4 21. Ne1
Nxd2 22. Qxd2 Re2 23. Qd3 Nxb4 24. Qb1 Na6 25. c6 bxc6 26. Rxa6 Bf5 27. Ra8+
Kh7 28. Qd1 Qe6 29. Ne3 Bg4 30. Nf3 Rb2 31. Nxg4 Qxg4 32. Qd3+ g6 33. Qxd4 Qxd4
34. Nxd4 Bb6 35. Nxc6 Rxf2 36. Kh1 Rc2 37. h4 Bf2 38. Kh2 Rc3 39. Ra1 Bxg3+ 40.
Kh1 Bxh4 41. Rf1 f5 42. Ne5 Bg3 43. Nd7 h5 44. Nf6+ Kh6 45. Nd5 Rc4 46. Ne3
Rh4+ 47. Kg1 f4 48. Nd5 g5 49. Ne7 Bh2+ 50. Kf2 Bg3+ 1/2-1/2

[Event "25. Torneo San Viator 2015 - Torneo B"]
[Site "Madrid ESP"]
[Date "2015.10.25"]
[Round "5.2"]
[White "San Felipe Gonzalez, Tomas"]
[Black "Serrano Gonzalez, Oscar"]
[Result "0-1"]
[WhiteElo "1732"]
[BlackElo "1665"]
[PlyCount "84"]
[EventDate "2015.10.04"]
[EventType "swiss"]
[EventRounds "9"]
[EventCountry "ESP"]
[Source "lmi"]
[SourceDate "2015.10.04"]

1. d4 Nf6 2. c4 e6 3. Nf3 Bb4+ 4. Bd2 Bxd2+ 5. Nbxd2 d6 6. e4 O-O 7. Bd3 Nc6 8.
a3 e5 9. d5 Ne7 10. Qc2 Ng6 11. O-O Nf4 12. Rfe1 Qd7 13. Bf1 Qg4 14. c5 Nh3+
15. Kh1 Nxf2+ 16. Kg1 Nh3+ 17. Kh1 Nf4 18. Nc4 Qd7 19. Rac1 b6 20. cxd6 cxd6
21. Qd2 Ng6 22. Qb4 Rd8 23. Ne3 Qb7 24. Rc6 Ne8 25. Bd3 Bd7 26. Rc3 Rac8 27.
Nc4 Qb8 28. Nfd2 Rc5 29. a4 Nf4 30. Bf1 f5 31. g3 Ng6 32. Bh3 f4 33. Bxd7 Rxd7
34. a5 b5 35. Na3 Rxc3 36. bxc3 fxg3 37. hxg3 Rb7 38. Rb1 Qc8 39. Kg2 Qg4 40.
Rf1 Nh4+ 41. Kf2 Rf7+ 42. Ke1 Ng2# 0-1

[Event "25. Torneo San Viator 2015 - Torneo B"]
[Site "Madrid ESP"]
[Date "2015.10.25"]
[Round "5.3"]
[White "Bustos Bernardo, Diego"]
[Black "Mateos Cordero, Francisco"]
[Result "0-1"]
[WhiteElo "1343"]
[BlackElo "1627"]
[PlyCount "30"]
[EventDate "2015.10.04"]
[EventType "swiss"]
[EventRounds "9"]
[EventCountry "ESP"]
[Source "lmi"]
[SourceDate "2015.10.04"]

1. d4 Nf6 2. c4 e6 3. Nc3 Bb4 4. Bg5 Bxc3+ 5. bxc3 O-O 6. Nf3 d6 7. e4 h6 8.
Bxf6 Qxf6 9. Bd3 e5 10. h3 Nc6 11. Bf1 b6 12. g3 Ba6 13. Qa4 Qxf3 14. Qxc6
Qxc3+ 15. Ke2 Bxc4+ 0-1

[Event "25. Torneo San Viator 2015 - Torneo B"]
[Site "Madrid ESP"]
[Date "2015.10.25"]
[Round "5.4"]
[White "Cabezas Lopez, Mercedes"]
[Black "Valdes Sanchez, Jesus Manuel"]
[Result "1-0"]
[WhiteElo "1605"]
[BlackElo "1594"]
[PlyCount "100"]
[EventDate "2015.10.04"]
[EventType "swiss"]
[EventRounds "9"]
[EventCountry "ESP"]
[Source "lmi"]
[SourceDate "2015.10.04"]

1. b4 d5 2. Bb2 c6 3. e3 Nf6 4. Nf3 Bg4 5. h3 Bxf3 6. Qxf3 Nbd7 7. d4 Qb6 8. a3
g6 9. Nd2 Bg7 10. Bd3 a5 11. c3 c5 12. b5 c4 13. Bc2 a4 14. Rb1 Qxb5 15. O-O
O-O 16. e4 e6 17. Ba1 Qc6 18. e5 Ne8 19. Qd1 b5 20. Nf3 Nc7 21. Re1 f6 22. h4
fxe5 23. dxe5 Rad8 24. Nd4 Qb6 25. Re2 Nxe5 26. Bxa4 Nd3 27. Bxb5 Bxd4 28. cxd4
Rb8 29. a4 Ne8 30. Bc3 Nf6 31. f3 Qd6 32. Ra1 Qg3 33. Be1 Nxe1 34. Qxe1 Qf4 35.
Rd1 Nh5 36. Rxe6 Ng7 37. Re5 Rfd8 38. Bc6 Nf5 39. Bxd5+ Rxd5 40. Rxd5 Ne3 41.
Rd7 Nxd1 42. Qe6+ Kh8 43. Re7 Qxd4+ 44. Kh2 Qf4+ 45. Kg1 c3 46. Qd7 Qf6 47. Qc7
Qd4+ 48. Kh2 Rf8 49. Rxh7+ Kg8 50. Rd7 Qf4+ 1-0

[Event "25. Torneo San Viator 2015 - Torneo B"]
[Site "Madrid ESP"]
[Date "2015.10.25"]
[Round "5.5"]
[White "Jimenez Manzano, Emiliano"]
[Black "Hidalgo Prado, David"]
[Result "1-0"]
[WhiteElo "1550"]
[BlackElo "1597"]
[PlyCount "109"]
[EventDate "2015.10.04"]
[EventType "swiss"]
[EventRounds "9"]
[EventCountry "ESP"]
[Source "lmi"]
[SourceDate "2015.10.04"]

1. e4 e6 2. Nc3 d5 3. exd5 exd5 4. d4 c6 5. Nf3 Bd6 6. Be2 Ne7 7. Bg5 f6 8. Bd2
O-O 9. O-O Nd7 10. Bd3 Re8 11. Ne2 Nf8 12. Bf4 Nf5 13. Bxd6 Nxd6 14. h3 Bf5 15.
Bxf5 Nxf5 16. Nf4 Qb6 17. Rb1 Re4 18. Ne2 Rae8 19. Re1 Qa6 20. Nc3 Rxe1+ 21.
Nxe1 Qc4 22. Nf3 Ne6 23. Ne2 Qxa2 24. c3 Qa6 25. Qc2 Nd6 26. Ng3 Qb6 27. Re1
Qd8 28. Nf5 Nxf5 29. Qxf5 Nc7 30. Re3 Rxe3 31. fxe3 g6 32. Qd3 Qe7 33. b3 b5
34. b4 Qe4 35. Qd2 Ne8 36. Qe1 Nd6 37. Nd2 Qe6 38. Qg3 Kg7 39. Kf1 Kf7 40. Ke2
Ke7 41. h4 Qf5 42. Qe1 Qg4+ 43. Kf1 Nf5 44. Nf3 Ng3+ 45. Kg1 Ne4 46. Qa1 Qd7
47. Qb2 Kd6 48. Nd2 Ng3 49. Nf1 Nf5 50. Qf2 Kc7 51. g4 Ng7 52. Qf4+ Kb6 53.
Qb8+ Qb7 54. Qd8+ Ka6 55. Qa5# 1-0

[Event "25. Torneo San Viator 2015 - Torneo B"]
[Site "Madrid ESP"]
[Date "2015.10.25"]
[Round "5.6"]
[White "Lopez Nunez, Roberto"]
[Black "Rendo Quindos, Pedro"]
[Result "1-0"]
[WhiteElo "1405"]
[BlackElo "1662"]
[PlyCount "129"]
[EventDate "2015.10.04"]
[EventType "swiss"]
[EventRounds "9"]
[EventCountry "ESP"]
[Source "lmi"]
[SourceDate "2015.10.04"]

1. e4 e5 2. f4 d5 3. exd5 e4 4. Nc3 Nf6 5. d3 Nxd5 6. Nxe4 Nc6 7. Nf3 Be7 8.
Be2 Be6 9. a3 Qd7 10. O-O Nf6 11. Be3 Nxe4 12. dxe4 Qxd1 13. Rfxd1 Rd8 14. f5
Bd7 15. Bf4 Bc5+ 16. Kf1 Bb6 17. b4 O-O 18. Bc4 h6 19. c3 Rfe8 20. Bd3 a6 21.
a4 a5 22. b5 Ne7 23. Bc4 Nc8 24. Bd3 c6 25. g4 cxb5 26. axb5 Ne7 27. Bc4 Bc8
28. Ne5 Rxd1+ 29. Rxd1 Rf8 30. g5 hxg5 31. Bxg5 Bc5 32. Kg2 b6 33. f6 gxf6 34.
Bxf6 Be6 35. Be2 Ng6 36. Kf3 a4 37. Nd3 Be7 38. Bxe7 Nxe7 39. Rg1+ Kh7 40. Ra1
Bb3 41. Ke3 Ra8 42. Ne5 f5 43. Bc4 Rc8 44. Kd4 fxe4 45. Bxb3 axb3 46. Rb1 e3
47. Kxe3 Rxc3+ 48. Kd4 Rh3 49. Nc6 Nf5+ 50. Ke5 Nh4 51. Kf4 Nf3 52. Rxb3 Ng1
53. Rxh3+ Nxh3+ 54. Ke5 Nf2 55. Na7 Nd3+ 56. Kd4 Nc5 57. Nc8 Na4 58. Kc4 Kh6
59. Kb4 Nc5 60. Nxb6 Nb7 61. Nc4 Kh5 62. Na5 Nd8 63. Kc5 Ne6+ 64. Kd6 Nd4 65.
b6 1-0

[Event "25. Torneo San Viator 2015 - Torneo B"]
[Site "Madrid ESP"]
[Date "2015.10.25"]
[Round "5.7"]
[White "Manso Santamaria, Juan Carlos"]
[Black "Alameda Arellano, Cristeto"]
[Result "1-0"]
[WhiteElo "1707"]
[BlackElo "1545"]
[PlyCount "83"]
[EventDate "2015.10.04"]
[EventType "swiss"]
[EventRounds "9"]
[EventCountry "ESP"]
[Source "lmi"]
[SourceDate "2015.10.04"]

1. f4 d5 2. Nf3 Nf6 3. e3 Bf5 4. b3 e6 5. Bb2 Be7 6. Nc3 Nbd7 7. Be2 c5 8. Nh4
Ne4 9. Nxf5 Bh4+ 10. Nxh4 Qxh4+ 11. g3 Nxg3 12. hxg3 Qxh1+ 13. Bf1 O-O 14. Qg4
Nf6 15. Qh3 Qxh3 16. Bxh3 Rfd8 17. Ne2 b5 18. g4 h6 19. O-O-O Ne4 20. Rf1 f6
21. d3 Nd6 22. g5 f5 23. gxh6 g6 24. Bg2 Kh7 25. Rh1 a5 26. c4 bxc4 27. dxc4
Ne4 28. Kc2 dxc4 29. Bxe4 fxe4 30. bxc4 Rd3 31. Bc1 Rb8 32. Nc3 Rb4 33. Nxe4
Rd8 34. Nf6+ Kh8 35. Bb2 Rxc4+ 36. Bc3 Rxc3+ 37. Kxc3 Rf8 38. Ng4 Rf5 39. Rb1
g5 40. Rb8+ Kh7 41. Rb7+ Kh8 42. fxg5 1-0

[Event "25. Torneo San Viator 2015 - Torneo B"]
[Site "Madrid ESP"]
[Date "2015.10.25"]
[Round "5.8"]
[White "Insua Rodriguez, Antonio"]
[Black "Marcelo De La Mata, Daniel"]
[Result "0-1"]
[WhiteElo "1431"]
[BlackElo "1656"]
[PlyCount "38"]
[EventDate "2015.10.04"]
[EventType "swiss"]
[EventRounds "9"]
[EventCountry "ESP"]
[Source "lmi"]
[SourceDate "2015.10.04"]

1. Nc3 d5 2. d4 Bf5 3. f3 e6 4. h4 h6 5. e4 dxe4 6. fxe4 Bh7 7. Qd3 Nf6 8. Qb5+
Nc6 9. Qxb7 Nxd4 10. Bb5+ Nxb5 11. Qc6+ Nd7 12. Nxb5 Bb4+ 13. c3 Ba5 14. Bf4
O-O 15. O-O-O Qf6 16. Ne2 Ne5 17. Qc5 Ng4 18. e5 Qf5 19. Rd2 Qb1# 0-1

[Event "25. Torneo San Viator 2015 - Torneo B"]
[Site "Madrid ESP"]
[Date "2015.10.25"]
[Round "5.9"]
[White "Martinez Sanz, Ignacio"]
[Black "Dominguez Lerida, Nicolas"]
[Result "1-0"]
[WhiteElo "1644"]
[BlackElo "1509"]
[PlyCount "63"]
[EventDate "2015.10.04"]
[EventType "swiss"]
[EventRounds "9"]
[EventCountry "ESP"]
[Source "lmi"]
[SourceDate "2015.10.04"]

1. d4 d5 2. Nf3 Nf6 3. Bg5 e6 4. e3 Nbd7 5. c4 c6 6. Nc3 Qa5 7. Nd2 dxc4 8.
Bxf6 Nxf6 9. Bxc4 Qc7 10. a3 Be7 11. Rc1 O-O 12. O-O b6 13. Bd3 Bb7 14. b4 a5
15. Qb3 axb4 16. axb4 Qd6 17. b5 cxb5 18. Nxb5 Qb4 19. Qxb4 Bxb4 20. Nc4 Ba5
21. Nbd6 Ba6 22. Ra1 Rfd8 23. Rfd1 Bxc4 24. Nxc4 Rd5 25. Nxb6 Bxb6 26. Rxa8+
Rd8 27. Rxd8+ Bxd8 28. Ra1 Kf8 29. Ra7 h6 30. Kf1 Nd5 31. Bc4 Ne7 32. Ra8 1-0